Quiz league of legend sur Faker - Statistiques

Statistiques générales
  • Ce quiz a été pris 277 fois
    157 depuis la dernière actualisation
  • Le résultat moyen est 9 sur 15
Statistiques - réponses
Question Réponse % Correct
Combien de titres mondiaux a t-il gagné ? 4
98%
Dans quelle équipe à t-il évolué SK Telecom T1
98%
Sur quel rôle joue t-il ? Mid
95%
Quel est le champion qu'il a le plus joué en compétitif ? Azir
88%
Sur quelle champion Faker à crée le fameux clip "Faker what was that ?" Zed
87%
Il possède combien de titre de LCK 10
86%
Quel joueur, lors de la finale des worlds de 2017 a éliminé Faker sur un flash in, ce qui à conduit la défaite de son équipe ? Ruler
77%
Sur quel champion il a été invaincu de 2013 à 2015 LeBlanc
61%
Quel surnom a t-il reçu de la part de cool et qui est encore utilisé maintenant Unkillable Demon King
60%
Il est le premier et seul joueurs a dépassé les .... kills en LCK 3000
43%
Contre quelle équipe a t-il gagné son dernier titre mondial ? Bilibili Gaming
39%
Quelle est le prénom de Faker ? Lee Sang-hyeok
33%
Pour lui tout les mid laners devraient jouer quel champion pour devenir meilleur ? Twisted Fate
28%
Combien de champions différents a t-il joué en compétitif 74
26%
Quelle est son champion favoris ? Yasuo
20%
Aucun quiz correspondant
Distribution des résultats
% des personnes avec chaque résultat
Percentile par nombre de réponses
Votre historique - résultats
Vous n’avez pas pris ce quiz depuis la dernière actualisation